000 01270nam0a2200373 4500
001 RU\NLR\bibl\1149071
005 20250615075728.0
010 _a978-5-225-01557-3
_95000
021 _aRU
_b2007-67712
_93633
035 _a(NLR Aleph) 001135879
090 _a1386938
_c1386938
100 _a20071102d2007 |||y0rusy50 ca
101 0 _arus
102 _aRU
105 _aa |||||||||
200 1 _aВитражи, светильники, рамки
_fВ.В. Карабанов
210 _aМосква
_cПрофиздат
_d2007
215 _a118,[2] с.
_cил.
_d24
225 1 _aРемесло и рукоделие
320 _aБиблиогр.: с. 119 (8 назв.)
606 1 _aВитражи
_xТехника
_91266756
_3RU\NLR\auth\66203153
606 1 _aРамки для картин
_xИзготовление
_91530560
_3RU\NLR\auth\66967831
606 1 _aСветильники
_92314784
_3RU\NLR\auth\661385156
686 _aЩ140.80с0
686 _aЩ410.861.4
686 _aЩ126.4
700 1 _aКарабанов
_bВ. В.
_gВиктор Владимирович
_4070
801 0 _aRU
_bNLR
_c20071102
_gRCR
801 1 _aRU
_bNLR
_c20071102
830 _aпо кн.
942 _cBOOK
980 _aNB